1183 1039 1244 1235 1195 1979 1791 1910 1080 1559 1558 1780 1521 1502 1808 1216 1550 1939 1078 1584 1560 1693 1496 1619 1363 1252 1934 1084 1571 1102 1396 1370 1575 1741 1483 1927 1887 1394 1221 1959 1190 1504 1244 1577 1176 1194 1999 1518 1873 1225 1584 1399 1771 1854 1807 1575 1023 1120 1669 1082 1377 1417 1841 1948 1194 1070 1325 1249 1262 1087 1915 1065 1743 1206 1883 1255 1565 1635 1608 1120 1757 1581 1659 1177 1933 1991 1928 1786 1241 1080 1280 1384 1008 1252 1601 1418 1562 1439 1829 BCNSPRNW ULIB Ver.6.0+V

เปลี่ยนเป็นภาษาไทย

Change to English
 แสดงรายละเอียดบรรณานุกรม
  กลับหน้าหลัก

Brief Record : Get Marc (ISO 2709) : E-mail record : QR code < ปิดหน้าต่าง
LEADER : 00000nam 2200000uu 4500
001    13399109606
003     ULIB
008    110405s2545||||th 000 0 tha d
020    9749038428
060 04 WB541^bถ459ค 2545
100 0  ถือศีล ดิฐวัฒน์โยธิน
245 10 คุยตัว-ตัว กับครูโยคะ /^cถือศีล ดิฐวัฒน์โยธิน
250    พิมพ์ครั้งที่ 1
260    กรุงเทพฯ :^bวิริยะ,^c2545
300    168 หน้า :^bภาพประกอบ ;^c21 ซม.
591    LISC มีปี 2549 พิมพ์ครั้งที่ 12
650  7 กายบริหาร
650  7 โยคะ (กายบริหาร)
945    ^p150^l0^i016107
995    ทศพร
999 ^a ใช้งานได้ทุกระบบ
รายการนี้ยังไม่มีแท็ก
คุณยังไม่ได้ล็อกอิน คุณสามารถมีกิจกรรมร่วมกับเว็บไซต์ได้ แต่ต้องล็อกอินก่อน ::
  ล็อกอิน

รายการสื่อสารสนเทศ

ลำดับที่ ประเภท เลขเรียก/บาร์โค้ด สถานที่ สถานะ
- ไม่พบข้อมูล -

รายการใกล้เคียง
    ผู้แต่ง [ถือศีล ดิฐวัฒน์โยธิน]

    หัวเรื่อง [กายบริหาร]
    หัวเรื่อง [โยคะ (กายบริหาร)]

BibComment


ยังไม่เคยถูกคอมเมนท์

คอมเมนท์ทรัพยากรรายการนี้
  คอมเมนท์: คุยตัวตัว กับครูโ..


 Copyright 2026. Bcnsprnw @Library